[Event "St Petersburg op"]
[Site "St Petersburg"]
[Date "1994.??.??"]
[Round "7"]
[White "Tunik, Gennady"]
[Black "Sveshnikov, Evgeny"]
[Result "0-1"]
[WhiteElo "2430"]
[BlackElo "2585"]
[Annotator "Chekhov,V"]
[PlyCount "90"]
[EventDate "1994.02.??"]
[EventType "swiss"]
[EventRounds "9"]
[EventCountry "RUS"]
[SourceTitle "CBM 041"]
[Source "ChessBase"]
[SourceDate "1994.08.01"]
[SourceVersion "1"]
[SourceVersionDate "1994.08.01"]
[SourceQuality "1"]

1. d4 {Kortschnoj Ftacnik} d5 2. c4 e6 3. Nc3 c6 4. e4 dxe4 5. Nxe4 Bb4+ 6. Bd2
Qxd4 7. Bxb4 Qxe4+ 8. Ne2 (8. Be2 Ne7 (8... Nd7 9. Nf3 b6 10. Nd2 Qf4 $8 11.
Bf3 Ne5 12. Be4 Bb7 13. g3 Qg4 14. f3 Qh5 15. f4 Qxd1+ 16. Rxd1 Nd7 17. Bf3 $44
{Ionov,S-Sorokin,M/Cheliabinsk/1991/0,5 (27) Inf 53/384/}) (8... Na6 9. Bc3 Nf6
10. Nf3 Bd7 11. O-O $1 $16 {Sokolov,A-Akopian,V/Groningen/1991/}) (8... c5 9.
Bxc5 Qxg2 10. Qd4 Nd7 11. O-O-O $1 $44 {Vera,R-Semkov,S/ROM/1990/1:0 (38) Inf
49/459/}) 9. Nf3 Nd5 $5 10. Ba3 Nf4 11. O-O Nxe2+ 12. Kh1 Nd7 13. Re1 Qxc4 14.
Rxe2 c5 15. Rc1 $13 {Borisenko,G-Kaliksteyn,A/UZB/1992/0:1 (31) Inf 54/391/})
8... Na6 (8... Ne7 9. Qd2 $1 c5 10. O-O-O O-O 11. Bxc5 Nbc6 12. Nd4 Nxd4 13.
Bxe7 e5 14. Bxf8 Kxf8 15. f3 Qc6 16. Bd3 Be6 17. Kb1 $16 {Georgadze,G-Cruz
Lopez,C/ESP/1991/ Inf 54/391/}) (8... Nd7 9. Qd6 c5 10. Bc3 Ngf6 11. O-O-O Qc6
12. Qg3 Rg8 13. f3 Ke7 14. Nf4 b6 15. Nd3 Ba6 16. Ne5 Nxe5 17. Bxe5 Rad8 18.
Be2 $1 $14 {Georgadze/}) 9. Bf8 (9. Bc3 $5) 9... Ne7 10. Bxg7 Rg8 $5 $146 (
10... Nb4 11. Bxh8 (11. Qd6 {Ftacnik} Nd3+ 12. Kd2 Nf5 13. Qxd3 Qxd3+ 14. Kxd3
Nxg7 15. Ng3 c5 16. Kc3 b6 17. Bd3 Bb7 18. f3 Rd8 19. a3 Ke7 20. b4 Rd7 21.
Rhb1 Rhd8 22. Bc2 Ba6 23. Rd1 $10 {Hauchard,A-Neves,A/WchTJ-U26 Curitiba/1993/
0.5 (44)}) 11... e5 12. Qd6 $1 (12. f3 {Kortschnoj} Qe3 13. Qd2 Nd3+ 14. Kd1
Nf2+ 15. Kc1 $13) 12... Nc2+ 13. Kd2 Bf5 14. Ng3 $6 (14. Rd1 $1 Rd8 15. Qxd8+
Kxd8 16. Kc1+ Ke8 17. Nc3 Qf4+ 18. Rd2 $14) 14... Qf4+ 15. Kc3 Nd5+ 16. cxd5
Qd4+ 17. Kb3 Nxa1+ 18. Ka3 Nc2+ 19. Kb3 Na1+ {Gomez Esteban,J-Illeskas Cordoba,
M/ESP/1993/0,5 (20) Inf 57/396/}) 11. Bf6 (11. Qd4 {Ftacnik} Qxd4 12. Bxd4 c5
13. Bc3 Nb4 14. Bxb4 cxb4 15. Nd4 Nc6 16. Nxc6 bxc6 17. g3 Bb7 18. Bg2 O-O-O
19. Rd1 Rxd1+ 20. Kxd1 c5 21. Bxb7+ {Georgadze,G-Sveshnikov,E/Podolsk/1992/0.5
(21)}) 11... Rg6 12. Qd4 (12. Bc3 Nc5 $36) 12... Qxd4 13. Bxd4 c5 (13... Nb4 {
Kortschnoj} 14. Kd2 $14 e5) 14. Bc3 (14. Be3 Nf5 15. Bd2 e5 $13) 14... Nb4 15.
Kd2 $6 (15. Bxb4 cxb4 16. g3 (16. Nd4 {Ftacnik} Nc6 $10) (16. Nf4 {Kortschnoj}
Rg4 17. g3 e5 18. h3 Rg5 19. Nd5 $10) 16... Bd7 17. Bg2 Bc6 18. O-O) 15... e5
$1 16. Bxe5 (16. a3 Rd6+) (16. Ng3 {Kortschnoj} Rd6+ 17. Ke2 Nc2 18. Rc1 Nd4+
$15) 16... Nec6 17. Bg3 (17. Bc3 Rd6+ 18. Kc1 Nd3+ 19. Kc2 Nxf2 20. Rg1 Bf5+
$36) 17... Bf5 18. Nf4 O-O-O+ 19. Kc3 (19. Ke3 $2 {Ftacnik} Nc2+ 20. Ke2 Rgd6
$19) 19... Rgd6 20. a3 (20. Nd5 {Kortschnoj} Nxd5+ 21. cxd5 Rxd5 22. Bc4 Rd2
23. Rac1 a6 24. a4 R8d3+ $1 $19) 20... Rd2 $1 (20... Nc2 {Ftacnik} 21. Rc1 N2d4
22. Nd5 $13) 21. axb4 $8 cxb4+ 22. Kb3 Bc2+ 23. Ka2 Nd4 24. Bd3 (24. Rc1 Rd6
25. c5 Rc6 26. Rxc2 (26. Bc4 {Kortschnoj} Rxc5 $19) 26... b3+) (24. Re1 {
Ftacnik} Rd6 (24... Bb3+ 25. Kb1 Bc2+ 26. Ka1 Rd6 27. c5 Rd1+ (27... Nb3+ 28.
Ka2 Nxc5 29. Re8+ Kc7 30. Bc4) 28. Rxd1 Nb3+ 29. Ka2 Rxd1 30. Bd3 Nc1+ 31. Ka1
Rxh1 32. Bxc2 b3 (32... Nb3+ 33. Ka2 Nxc5 34. Bf5+ $16) 33. Bb1 Na2) 25. c5 Rc6
26. Nh5 Kd7 (26... Rxc5 $2 27. Re8+ Kd7 28. Nf6+ Kc6 29. Rc8+ Kb6 30. Nd7+ $18)
27. Bd6 b5 28. Nf6+ Kc8 29. Re8+ Kb7 $13) 24... b3+ (24... Bxd3 {Ftacnik} 25.
Nxd3 Rxd3 26. Rad1 $13) 25. Ka3 Bxd3 26. Rac1 (26. Rhd1 Rxd1 27. Rxd1 Bxc4 {
/\Nc2/}) 26... Bc2 27. Rhe1 (27. Kb4 Nc6+ 28. Kc3 R2d3+ 29. Nxd3 Rxd3#) (27.
Nd5 {Ftacnik} Nf5 $17) 27... Nc6 28. Ne2 (28. Nd5 R2xd5 29. cxd5 Rxd5 30. Rxc2
bxc2 31. Rc1 Nd4 (31... Rd3+ $17 {Ftacnik}) 32. Kb4 b5 $19) 28... a6 29. Bf4
R2d3 30. Be3 b5 31. Nf4 (31. cxb5 {Ftacnik} axb5 32. Nf4 Kd7 $1 $19) 31... R3d7
(31... bxc4 32. Nxd3 cxd3 33. Bd2) 32. cxb5 (32. Bb6 Rg8) 32... axb5 33. Rxc2 (
33. Re2 $5 Kb7 34. Rexc2 bxc2 35. Rxc2 Ra8+ 36. Kb3 Nd4+ 37. Bxd4 Rxd4 38. Ne2
$15) (33. Bb6 {Ftacnik} Rg8 (33... Rd4 $19 {Kortschnoj}) 34. h3 Rb7 $19) 33...
bxc2 34. Rc1 Nd4 35. b3 (35. Bxd4 Rxd4 36. Rxc2+ Kb7 37. g3 Kb6 $17) 35... Rc7
36. Kb2 Kb7 37. g3 Rc6 38. Bxd4 Rxd4 39. Rxc2 Rcd6 (39... b4 $5) 40. Re2 b4 41.
Kc2 Kc8 42. Ng2 Ra6 $1 $19 43. Kb2 Rd1 44. Ne1 (44. Ne3 Rda1 45. Kc2 R1a2+ 46.
Kd1 Rd6+ 47. Ke1 Ra1+) 44... Rda1 45. Kc2 R1a2+ (45... R1a2+ 46. Kd3 (46. Kd1
Rd6+ $19) 46... Rd6+ 47. Ke3 Re6+ $19) 0-1

[Event "Berlin East DSV"]
[Site "Berlin East"]
[Date "1982.10.10"]
[Round "2"]
[White "Knaak, Rainer"]
[Black "Vera Gonzalez Quevedo, Reynaldo"]
[Result "1-0"]
[WhiteElo "2495"]
[BlackElo "2430"]
[Annotator "ChessBase"]
[PlyCount "73"]
[EventDate "1982.10.09"]
[EventType "tourn"]
[EventRounds "13"]
[EventCountry "DDR"]
[EventCategory "9"]
[SourceTitle "MCL"]
[Source "ChessBase"]
[SourceDate "1999.07.01"]
[SourceVersion "1"]
[SourceVersionDate "1999.07.01"]
[SourceQuality "1"]

1. d4 d5 2. c4 e6 3. Nc3 c6 4. Nf3 dxc4 5. a4 Bb4 6. e3 b5 7. Bd2 Bb7 8. axb5
Bxc3 9. Bxc3 cxb5 10. b3 a5 11. bxc4 b4 12. Bb2 Nf6 13. Bd3 Be4 14. Bxe4 Nxe4
15. Qc2 Nf6 (15... f5 $2 16. d5) 16. e4 Nfd7 17. O-O O-O 18. c5 Qc7 19. Rfc1
Rc8 20. Qd2 Ra6 (20... Nf6) 21. h4 Nf6 22. d5 $1 Nxe4 23. Qd4 Nf6 (23... Nc3 $2
24. Bxc3 bxc3 25. d6 Qxc5 26. d7 $1) 24. d6 Qb7 25. Ne5 Nc6 (25... a4 $5 26. d7
$1 Rd8 (26... Nbxd7 $5 27. c6 Rcxc6 28. Nxc6 Rxc6 29. Rxc6 Qxc6 30. Qxb4) 27.
Ng4 (27. Rxa4 Rxa4 28. c6 $13) 27... e5 (27... Nbxd7 28. Nxf6+ gxf6 29. Rxa4 $1
Rxa4 30. c6) 28. Qxe5 Qxd7 (28... Nbxd7 29. Qe7 $1) 29. Nxf6+ Rxf6 30. Rd1 $1
$18) 26. Nxc6 Qxc6 27. g4 $1 Rd8 28. g5 Ne8 29. Re1 $18 Qb7 30. Re4 Qd7 31. h5
Rb8 32. Qd3 Ra7 33. h6 f5 34. gxf6 gxf6 35. Rg4+ Kh8 36. c6 $1 Qxc6 37. Qg3 1-0

[Event "World-ch31-KK2 Kasparov-Karpov +5-3=16"]
[Site "Moscow"]
[Date "1985.10.31"]
[Round "21"]
[White "Kasparov, Garry"]
[Black "Karpov, Anatoly"]
[Result "1/2-1/2"]
[WhiteElo "2700"]
[BlackElo "2720"]
[Annotator "ChessBase"]
[PlyCount "88"]
[EventDate "1985.09.03"]
[EventType "match"]
[EventRounds "24"]
[EventCountry "URS"]
[SourceTitle "MainBase"]
[Source "ChessBase"]
[SourceDate "1999.07.01"]
[SourceVersion "2"]
[SourceVersionDate "1999.07.01"]
[SourceQuality "1"]

1. d4 d5 2. c4 e6 3. Nc3 Be7 4. cxd5 exd5 5. Bf4 c6 6. e3 Bf5 7. g4 Be6 8. h4
Nd7 9. h5 Nh6 10. Be2 Nb6 11. Rc1 (11. Nh3 $6 g5 $1 {Vaiser-Timoshenko/
Taschkent/1987/i44/(480)}) 11... Bd6 (11... Nc4 12. Bxc4 dxc4 13. Bxh6 gxh6 $13
{Kasparov}) 12. Nh3 Bxf4 13. Nxf4 Bd7 $14 14. Rg1 g5 15. hxg6 hxg6 16. Kd2 Qe7
17. b3 g5 18. Nd3 O-O-O 19. Rh1 f6 20. Qg1 Nf7 21. Qg3 Qd6 22. Qxd6 Nxd6 23. f3
Rdg8 24. Nc5 Kd8 25. Bd3 Bc8 26. Ne2 Na8 27. Bh7 Rf8 28. Rh6 Nc7 29. Ng3 Nf7
30. Rh2 Ne6 31. Nd3 Ng7 32. Rch1 Ke7 33. Nf2 Rd8 34. Bf5 Rxh2 35. Rxh2 Nxf5 36.
gxf5 Rh8 37. Rxh8 Nxh8 38. e4 Nf7 39. Ng4 Nd6 40. Ne3 dxe4 41. fxe4 b6 42. b4
Ba6 43. Ng4 Nb5 44. Kd3 Na3+ 1/2-1/2

[Event "Interzonal-15"]
[Site "Manila"]
[Date "1990.??.??"]
[Round "3"]
[White "Seirawan, Yasser"]
[Black "Lputian, Smbat G"]
[Result "1/2-1/2"]
[WhiteElo "2635"]
[BlackElo "2575"]
[Annotator "ChessBase"]
[PlyCount "53"]
[EventDate "1990.06.29"]
[EventType "swiss"]
[EventRounds "13"]
[EventCountry "PHI"]
[SourceTitle "CBM 019"]
[Source "ChessBase"]
[SourceDate "1990.12.01"]
[SourceVersion "1"]
[SourceVersionDate "1990.12.01"]
[SourceQuality "1"]

1. c4 e6 2. Nc3 d5 3. d4 Be7 4. cxd5 exd5 5. Bf4 c6 6. e3 Bd6 7. Bg3 Ne7 8. Bd3
Nf5 (8... Bf5) 9. Bxd6 Nxd6 10. Nge2 Bf5 11. Bxf5 Nxf5 12. Qd3 Nd6 13. O-O O-O
14. f3 f5 15. Ng3 $2 (15. Nf4 $142 $10 {Lputian}) 15... Na6 $15 16. b3 Qe7 17.
Rae1 Rae8 18. Re2 Nc7 19. Rfe1 Ne6 20. Qd2 f4 21. exf4 Qf6 22. Re5 Qxf4 23.
Qxf4 Nxf4 24. Rxe8 Rxe8 25. Rxe8+ Nxe8 26. Kf2 Nd6 27. Nge2 1/2-1/2

[Event "Interzonal-11b"]
[Site "Rio de Janeiro"]
[Date "1979.09.25"]
[Round "3"]
[White "Portisch, Lajos"]
[Black "Ivkov, Borislav"]
[Result "1-0"]
[WhiteElo "2640"]
[BlackElo "2525"]
[Annotator "ChessBase"]
[PlyCount "81"]
[EventDate "1979.09.23"]
[EventType "tourn"]
[EventRounds "19"]
[EventCountry "BRA"]
[EventCategory "11"]
[SourceTitle "IZT"]
[Source "ChessBase"]
[SourceDate "1999.07.01"]
[SourceVersion "1"]
[SourceVersionDate "1999.07.01"]
[SourceQuality "1"]

1. d4 d5 2. c4 e6 3. Nc3 Be7 4. cxd5 exd5 5. Bf4 c6 6. e3 Bf5 7. Nge2 Nd7 8.
Ng3 Bg6 (8... Be6 $6 9. Nh5 $1 $14) 9. Be2 (9. h4 $142 $1 {/\h4-h5}) 9... Nf8 (
9... Qb6 $1) 10. h4 $1 Bxh4 (10... h6 11. h5 Bh7 12. Bd3 $16) 11. Qb3 Bxg3 $1 (
11... b6 12. Qa4 $16) (11... b5 12. Nxb5 $1 $18) 12. Bxg3 $14 Qb6 13. Qa3 Ne7 (
13... Ne6 $5 14. Bd6 $1 {Cvetkovic}) 14. Na4 Qd8 15. Nc5 Qb6 16. Na4 Qd8 17.
Nc5 Qb6 18. Be5 f6 19. Bh2 Bf7 20. Bd6 Nfg6 21. Bd3 Nc8 22. Bg3 a5 23. O-O Nge7
24. Rfe1 Ra7 25. Qc3 a4 26. Rab1 Qd8 27. Bb8 b5 28. Bxa7 Nxa7 29. b3 axb3 30.
axb3 O-O 31. Ra1 Nec8 32. Bf5 Re8 33. Ra6 Qc7 34. Rea1 Re7 35. Nd3 Be8 36. Qc5
Qb7 37. Nb4 Rc7 38. Be6+ Bf7 39. Bxc8 Nxc8 40. Rxc6 Rxc6 41. Nxc6 1-0

[Event "Madrid"]
[Site "Madrid"]
[Date "1995.??.??"]
[Round "5"]
[White "Jussupow, Artur"]
[Black "Beliavsky, Alexander G"]
[Result "1-0"]
[WhiteElo "2660"]
[BlackElo "2650"]
[Annotator "ChessBase"]
[PlyCount "85"]
[EventDate "1995.05.??"]
[EventType "tourn"]
[EventRounds "9"]
[EventCountry "ESP"]
[EventCategory "16"]
[SourceTitle "CBM 047"]
[Source "ChessBase"]
[SourceDate "1995.08.01"]
[SourceVersion "1"]
[SourceVersionDate "1995.08.01"]
[SourceQuality "1"]

1. d4 d5 2. c4 c6 3. Nc3 Nf6 4. e3 e6 5. b3 c5 6. Bb2 cxd4 7. exd4 Bb4 8. a3
Bxc3+ 9. Bxc3 dxc4 10. bxc4 Ne4 11. Rc1 Nxc3 12. Rxc3 Qa5 13. Qd2 O-O 14. Nf3
Rd8 15. Bd3 Nd7 16. O-O b6 17. Re1 Bb7 18. Ne5 h6 19. Qc2 Rac8 20. Bh7+ Kf8 21.
Nxf7 Nf6 (21... Kxf7 22. Qg6+ Kf8 23. Qxe6 $18) 22. Nxd8 Rxd8 23. Re5 Qa6 24.
d5 exd5 25. h3 dxc4 26. Rg3 b5 27. Bf5 Bd5 28. Qc3 Qd6 29. Bg6 a6 30. Rge3 Bf7
31. Bxf7 Kxf7 32. Re1 Rd7 33. a4 Qc6 34. axb5 axb5 35. Qb4 Nd5 36. Rf5+ Kg8 37.
Rf8+ Kh7 38. Qb1+ g6 39. Ree8 Nf6 40. Rc8 Qa6 41. Qe1 Qd6 42. Qc3 Qf4 43. Qa1
1-0

[Event "FIDE-Wch k.o."]
[Site "Moscow"]
[Date "2001.11.27"]
[Round "1.1"]
[White "Krasenkow, Michal"]
[Black "Lputian, Smbat G"]
[Result "0-1"]
[WhiteElo "2592"]
[BlackElo "2618"]
[Annotator "Dautov,R"]
[PlyCount "96"]
[EventDate "2001.11.27"]
[EventType "k.o."]
[EventRounds "7"]
[EventCountry "RUS"]
[SourceTitle "CBM 086"]
[Source "ChessBase"]
[SourceDate "2002.02.05"]
[SourceVersion "1"]
[SourceVersionDate "2002.02.05"]
[SourceQuality "1"]

{[%mdl 32768]} 1. d4 e6 2. c4 d5 3. Nc3 Be7 4. cxd5 exd5 5. Bf4 c6 6. e3 Bf5 7.
g4 Be6 8. h3 Nd7 (8... h5 $5 9. gxh5 Nd7) 9. Nf3 Ngf6 (9... g5 $5 10. Bg3 h5
11. gxh5 Rxh5 12. Ne5 Ngf6 13. Qf3 Rh6 14. Bd3 Qa5 $15 {Bern,I-Agdestein,S/NOR
1991}) 10. Bd3 Nb6 11. Ne5 $146 {Krasenkow versucht das Spiel von Botvinnik
aus seiner bekannten Partie gegen Petrosian zu verbessern.} (11. Qc2 Nc4 (11...
g6 12. Bh6 Nc4 13. Bxc4 dxc4 14. e4 Qa5 15. a3 O-O-O 16. O-O-O Ne8 17. Bd2 Qa6
18. Bf4 $14 {Bronstein,D-Darga,K/Amsterdam 1964}) 12. Kf1 (12. Bxc4 $1 dxc4 13.
e4 $14) 12... Nd6 13. Nd2 Qc8 14. Kg2 Nd7 15. f3 g6 16. Rac1 $14 {Botvinnik,
M-Petrosian,T/Moscow 1963}) 11... Nfd7 {Der Abtausch des starken weißen
Springers erleichtert das Spiel von Schwarz.} 12. Qc2 Nxe5 (12... h5 13. O-O-O
$13) 13. Bxe5 f6 14. Bg3 g6 15. h4 $1 Bd6 16. Ne2 Bxg3 (16... Bb4+ 17. Kf1 Qd7
18. h5 O-O-O 19. f3 $14) 17. Nxg3 Qe7 18. h5 O-O-O 19. f3 {Weiß führt das für
diese Variante typische Druckspiel auf dem Königsflügel.} f5 $5 {Mit dem
Bauernopfer öffnet Lputian die Linien "f" und "g", um das Spiel gegen den
weißen König zu erhalten.} ({Zu erwarten wäre eine ruhige Fortsetzung wie} 
19... Bf7 20. Kf2 Rde8 21. Rae1 $14) 20. gxf5 Bxf5 21. Nxf5 gxf5 22. Bxf5+ Kb8
23. O-O-O ({Prinzipieller (obwohl riskanter) wäre es, den Bauern zu behalten:} 
23. Kf2 $5 Nc4 24. Rae1 Rdg8 (24... Qg5 25. f4 $14) 25. b3 Nd6 26. Bd3 Rg5 $14)
23... Qxe3+ 24. Kb1 h6 {Schwarz hat eine bessere Bauernstruktur, Weiß setzt
dagegen auf seinen Freibauern f3, der unter Umständen gefährlich werden kann.}
25. Qh2+ Ka8 26. f4 Qe7 (26... Rdf8 $2 27. Rhe1 Qf3 $2 28. Rd3 $18) 27. Rhe1
Qc7 28. Re6 Rdf8 (28... Rde8 29. Rxe8+ Rxe8 30. Bd3 Qe7 31. f5 $14) 29. Bd3 a6
(29... Rxf4 $4 30. Rf6 $18) (29... Qxf4 $4 30. Re8+ $18) 30. Rf1 Nc4 31. Qf2
Qa5 32. Rd1 Qb4 33. f5 $14 {Weiß hat einige Fortschritte gemacht. Mit seinen
nächsten Zügen versucht er, die Stellung seines Königs zu sichern.} Rf7 34. Ka1
Ka7 35. a3 ({In Frage kam} 35. Rg1 $5 {, um die offene g-Linie zu
kontrollieren. Danach könnte Weiß Qc2-c3 folgen lassen ohne das Gegenspiel
nach Rh8-g8 befürchten zu müssen.}) 35... Qb3 36. Qc2 Qb6 37. Bxc4 $6 {Diese
Abwicklung bringt Weiß nichts, seine Bauern sind leicht angreifbar.} ({
Aussichtsreicher war} 37. Qc3 Rg8 $1 {(sonst folgt 38.Rg1+/-)} 38. Rg6 Re8 39.
Rxh6 (39. Bxc4 dxc4 40. d5 Rd8 $11) 39... Ne3 40. Re1 Nxf5 41. Rxe8 Nxh6 $14)
37... dxc4 38. d5 Rd8 39. d6 (39. Rxh6 Qe3 40. Re6 Qf3 41. d6 Rxf5 42. h6 Rd5
$11) 39... Qc5 40. f6 $2 {Dieses Bauernopfer ist nicht korrekt, Schwarz hat
die Freibauern vollkommen unter Kontrolle.} ({Notwendig war} 40. Rf1 Rxd6 41.
Rxd6 Qxd6 42. Qxc4 Rf6 $11) 40... Qxh5 41. Qf2+ c5 42. Rde1 Qd5 43. Re7 Rd7 $17
44. Qg3 Kb6 45. R7e5 $2 Qd4 46. Qf3 Ka7 47. Re6 Rxd6 48. Re7 Rb6 0-1

[Event "CHN-RUS Summit Juniors 1st"]
[Site "Shanghai"]
[Date "2001.09.10"]
[Round "4"]
[White "Xu, Yuanyuan"]
[Black "Smirnov, Pavel"]
[Result "0-1"]
[WhiteElo "2431"]
[BlackElo "2530"]
[Annotator "Dautov,R"]
[PlyCount "108"]
[EventDate "2001.09.07"]
[EventType "schev"]
[EventRounds "6"]
[EventCountry "CHN"]
[SourceTitle "CBM 085"]
[Source "ChessBase"]
[SourceDate "2001.11.13"]
[SourceVersion "1"]
[SourceVersionDate "2001.11.13"]
[SourceQuality "1"]

{[%mdl 32768]} 1. d4 d5 2. c4 e6 3. Nc3 c6 4. Nf3 dxc4 5. a4 Bb4 6. e3 b5 7.
Bd2 Bb7 8. axb5 Bxc3 9. Bxc3 cxb5 10. b3 a5 11. d5 ({Die andere Hauptvariante
ist} 11. bxc4 b4 12. Bb2 Nf6) 11... Nf6 12. dxe6 $2 {In dieser scharfen
Stellung sind die genauen Theoriekenntnisse sehr wichtig. Es sieht so aus, als
ob sie dem jungen Chinesen an dieser Stelle fehlten. Man kann mit bloßem Auge
sehen, daß Weiß nach dem Damentausch deutlich schlechter steht.} ({Vorzuziehen
war der Theoriepfad} 12. bxc4 b4 13. Bxf6 Qxf6 14. Qa4+ Nd7 15. Nd4 e5 16. Nb3
{usw.}) 12... Qxd1+ 13. Kxd1 (13. Rxd1 fxe6 14. Bxf6 gxf6 $17) 13... fxe6 $2 ({
Deutlich mehr erreichen konnte Schwarz mit} 13... Ne4 $1 14. exf7+ (14. Be1
fxe6 {bedeutet einen Tempogewinn für Schwarz gegenüber der Partie, so ist das
Schlagen auf a5 nicht mehr möglich.} 15. Nd4 Ke7 16. Nxb5 cxb3 17. f3 Nf6 18.
Bc4 Bd5 $17) 14... Kxf7 15. Be1 Rd8+ 16. Kc1 Nc5 $17 {Tillmann,M-Leutwyler,M/
Bern 2000}) 14. Rxa5 $13 {Nun ist die Lage vollkommen unklar.} Ne4 15. Rxa8
Bxa8 16. Be1 cxb3 17. Nd4 Bd5 18. Bxb5+ Kf7 19. f3 Nc5 (19... Nd6 $5) 20. e4
Bxe4 $2 {Dieses Opfer ist das Produkt einer fehlerhaften Berechnung, führt
aber letzten Endes doch zum Erfolg.} ({Korrekt war das von "Fritz" angezeigte} 
20... Bc6 $1 21. Nxc6 (21. Bc4 $1 $13) 21... Nxc6 22. Bxc6 Rc8 23. Kd2 (23. Bb5
b2 24. Kc2 Na4+ $19) 23... Rxc6 24. Bg3 $15) 21. fxe4 Rd8 22. Rf1+ Kg6 ({
Kaum besser ist} 22... Kg8 23. Bc3 e5 24. Bc4+ Kh8 25. Ke2 exd4 26. Bxd4 $16)
23. Bd2 $1 Nxe4 (23... Rxd4 $4 24. Be8#) 24. Nxb3 $4 {Vielleich hat Xu
Yuanyuan das Schach auf c3 übersehen?} ({Der nicht schwer zu findende Zug} 24.
Be3 $1 {hätte ihm einen großen Vorteil beschert.} Nc3+ (24... e5 25. Bd3 $18)
25. Kc1 Nxb5 26. Nxb5 $16) 24... Nc3+ 25. Ke1 Nxb5 $17 {Als Folge seines
Einstellers kann Weiß nur einen schwachen Widerstand leisten.} 26. Nc5 Rd5 27.
Be3 e5 28. Ne6 Nd7 29. g4 Nc3 30. Rf5 Rd3 31. Bf4 $2 Rd6 $19 32. Bd2 Ne4 33.
Nf8+ Nxf8 34. Bb4 Rf6 35. Bxf8 Rxf5 36. gxf5+ Kf7 37. Bb4 Kf6 38. Bf8 Nc3 39.
Kf2 Nd5 40. Kf3 Ne7 41. Ke4 Nxf5 42. Bb4 Ke6 43. Be1 g5 44. Bd2 g4 45. Bb4 h5
46. Bc5 Nd6+ 47. Kd3 Ne8 48. Bf2 Kf5 49. Bg3 Nf6 50. Ke3 Ne4 51. Bh4 Ng5 52.
Bg3 Nf3 53. h3 h4 54. Bf2 gxh3 0-1

[Event "Hoogeveen Essent Crown"]
[Site "Hoogeveen"]
[Date "2000.10.19"]
[Round "4"]
[White "Khalifman, Alexander"]
[Black "Galkin, Alexander"]
[Result "1-0"]
[WhiteElo "2667"]
[BlackElo "2587"]
[Annotator "Dautov,R"]
[PlyCount "65"]
[EventDate "2000.10.15"]
[EventType "tourn"]
[EventRounds "6"]
[EventCountry "NED"]
[EventCategory "16"]
[SourceTitle "CBM 080"]
[Source "ChessBase"]
[SourceDate "2001.01.25"]
[SourceVersion "1"]
[SourceVersionDate "2001.01.25"]
[SourceQuality "1"]

1. d4 d5 2. c4 c6 3. Nc3 e6 4. e4 Bb4 5. cxd5 (5. e5 c5 6. cxd5 Qxd5 $11) 5...
exd5 (5... cxd5 6. e5 $14) 6. e5 Ne7 (6... c5 7. a3 Ba5 8. Bd2 Nc6 9. dxc5 Bxc3
10. Bxc3 d4 11. Bd2 Qe7 12. f4 f6 13. Nf3 Bg4 14. Bb5 fxe5 15. fxe5 $14 {
Hauchard,A-Pavasovic,D/Cannes 1996}) 7. Nf3 {Dieser Aufbau sieht recht harmlos
aus, ist aber nicht ohne Gift. Weiß verschiebt seine Pläne mit f2-f4-f5 in die
Zukunft und beendet zuerst seine Entwicklung.} (7. Bd3 c5 (7... Bf5 8. Bg5 Qd7
9. a3 Bxc3+ 10. bxc3 Bxd3 11. Qxd3 Qf5 12. Qxf5 Nxf5 13. g4 Ne7 14. f4 h5 15.
Bxe7 Kxe7 16. g5 {Utnasunov,A-Bocharov,D/St Petersburg 2000}) 8. a3 (8. Bd2 $5)
8... Bxc3+ 9. bxc3 Nbc6 10. Ne2 Bf5 11. Bg5 Qd7 12. Bxe7 Nxe7 13. O-O Rc8 14.
Ng3 Bxd3 15. Qxd3 h5 16. h4 g6 17. f4 Nf5 18. Nxf5 Qxf5 19. Qb5+ Qd7 20. Qd3
Qf5 21. Qb5+ Qd7 22. Qd3 Qf5 {1/2-1/2 Murshed,N-Dreev,A/Yerevan 1996}) 7... c5
8. a3 Bxc3+ 9. bxc3 Nbc6 10. Be2 Bg4 (10... O-O 11. O-O b6 $5 {kam in Frage.
Schwarz läßt h6, Bf5, Rc8 und Na5 folgen und bekommt Gegenspiel auf der
c-Linie.}) 11. O-O O-O 12. Rb1 Qc7 $2 {Kein guter Platz für die schwarze Dame.
Sie sollte auf d8 stehenbleiben (12..b6) , das Feld h4 weiter überwachen und
später nach d7 ziehen, um die Möglichkeit Qd7-f5 zur Verfügung zu haben.} (
12... b6 $1 13. h3 (13. dxc5 bxc5 $11) 13... Bf5 14. Bd3 Rc8 $132 (14... Qd7
$132)) (12... Qd7 13. dxc5 Bxf3 14. Bxf3 Nxe5 15. Be2 $14) 13. h3 Bh5 $6 {
Schwarz verliert erneut kostbare Zeit.} (13... Bf5 $5 14. Bd3 cxd4 15. cxd4 h6
{/\Rc8, Qd7 hielt seinen Nachteil in Grenzen.}) 14. a4 $14 Bg6 (14... b6 $5 {/\
} 15. Ba3 Rfd8) 15. Bd3 Rfd8 16. Bg5 $1 {Der beste Platz für den weißen Läufer,
die Fesselung ist für Schwarz unangenehm.} Rd7 {Ein ausgesprochen
unglücklicher Posten für den Turm, hier sollte die schwarze Dame stehen!} 17.
Rb5 $5 b6 18. Re1 a6 19. Rb1 c4 20. Bc2 Nd8 $2 {Der falsche Springer! Schwarz
sollte lieber die Position des anderen verbessern.} (20... Bxc2 21. Qxc2 Ng6 $5
(21... h6 22. Bc1 $16 {/\Ba3} (22. Bxe7 Nxe7 23. Nh4 $16) 22... Ng6 $2 23. e6
$16) 22. h4 (22. e6 Rd6 23. exf7+ Qxf7 $14) 22... Nf8 23. h5 h6 24. Bc1 Ne6 $14
{/\b5-b4}) 21. Nh4 $1 $16 {Nun ist der entscheidende Marsch des f-Bauer nicht
zu vermeiden.} Rb8 (21... Bxc2 22. Qxc2 Ne6 23. Bxe7 Rxe7 24. Nf5 Rd7 25. Qd2
$16) 22. f4 Bxc2 23. Qxc2 b5 24. f5 Ndc6 25. f6 $18 Ng6 26. Nf5 (26. e6 fxe6
27. Nxg6 hxg6 28. Qxg6 $18) 26... h6 27. e6 hxg5 (27... fxe6 28. Nxg7 $18) 28.
exd7 Qxd7 29. axb5 axb5 30. Nxg7 b4 31. Qd2 Nf4 32. cxb4 Qa7 33. Nf5 1-0